El Otro país de este mundo (Record no. 2848)

MARC details
000 -LEADER
campo de control de longitud fija 00809nas a2200277 i 4500
001 - NÚMERO DE CONTROL
campo de control 2848
003 - IDENTIFICADOR DE NÚMERO DE CONTROL
campo de control ES-MaACL
005 - FECHA Y HORA DE LA ÚLTIMA TRANSACCIÓN
campo de control 20260420150121.0
007 - CAMPO FIJO DE DESCRIPCIÓN FÍSICA--INFORMACIÓN GENERAL
campo de control de longitud fija t|
008 - DATOS DE LONGITUD FIJA--INFORMACIÓN GENERAL
campo de control de longitud fija 010522c2000 sp m| | 0 ||pa d
022 ## - NÚMERO INTERNACIONAL NORMALIZADO PARA PUBLICACIONES SERIADAS
Número Internacional Normalizado para Publicaciones Seriadas 1577-1970
080 ## - NÚMERO DE LA CLASIFICACIÓN DECIMAL UNIVERSAL
Número de la Clasificación Decimal Universal (460)
080 ## - NÚMERO DE LA CLASIFICACIÓN DECIMAL UNIVERSAL
Número de la Clasificación Decimal Universal 05
245 03 - MENCIÓN DEL TÍTULO
Título El Otro país de este mundo
Resto del título : revista de información general.
246 13 - FORMA VARIANTE DEL TITULO
Título propio/Titulo breve Otro país, El
260 ## - PUBLICACIÓN, DISTRIBUCIÓN, ETC.
Lugar de publicación, distribución, etc. Madrid :
Nombre del editor, distribuidor, etc. Ediciones Entredichos,
Fecha de publicación, distribución, etc. 2000-
300 ## - DESCRIPCIÓN FÍSICA
Extensión 2 v. ;
Dimensiones 41 cm.
310 ## - PERIODICIDAD ACTUAL
Periodicidad actual Mensual
362 0# - FECHAS DE PUBLICACIÓN Y/O DESIGNACIÓN SECUENCIAL
Fecha de publicación y/o designación secuencial Nº 01 (dic.-en. 2000/1)-
650 14 - PUNTO DE ACCESO ADICIONAL DE MATERIA--TÉRMINO DE MATERIA
Término de materia o nombre geográfico como elemento de entrada Revistas de información general.
9 (RLIN) 16896
852 ## - LOCALIZACIÓN
Ubicación ES-MaACL
Signatura antigua Olim:Hem-2069
Número de control de estantería HEM-H-190
Ubicación en estantería Hemeroteca
Nota libre Revista: Viva
itemnumber 2951
857 ## - LOCALIZACIÓN Y ACCESO ELECTRÓNICOS_2
Materiales especificados 2000-2008-(2009),2023-2025-2026
942 ## - ELEMENTOS DE ENTRADA SECUNDARIOS (KOHA)
Fuente del sistema de clasificación o colocación Clasificación decimal universal
Tipo de ítem Koha Revista
Holdings
Estatus retirado Estado de pérdida Fuente del sistema de clasificación o colocación Especificación de materiales (volumen encuadernado u otra parte) Estado de daño No para préstamo Colección Biblioteca de origen Biblioteca actual Ubicación en estantería Fecha de adquisición Fuente de adquisición Total de préstamos Signatura topográfica completa Código de barras Visto por última vez Precio de reemplazo Tipo de ítem Koha
    Clasificación decimal universal Ultimo número recibido: 2026 (N.118)     Periódicos y Revistas Biblioteca del Ateneo de Madrid Biblioteca del Ateneo de Madrid Hemeroteca 17/01/2008 Donación   HEM-H-190 (Cº 19) 1002906 23/02/2023 23/02/2023 Periódico